000 00443nam a2200157 i 4500
001 80385
003 ES-MaACL
005 20230906174214.0
007 t|
008 041027s1920 xxk ||||1| eng d
100 1 _aHodges, Frank.
_963894
245 1 0 _aNationalisation of the mines /
_cby Frank Hodges ; with foreword by John R. Chynes.
260 _aLondon :
_bL. Parsons,
_c1920.
300 _a170 p. ;
_c19 cm.
852 _aES-MaACL
_jF-8272
999 _c80385
_d80385